Muslim Countries - Sudden Death - Statistics

General Stats
  • This quiz has been taken 148,128 times
    144,151 since last reset
  • The average score is 12 of 21
Answers on the Grid
Answers color-coded by a green-red scale on the quiz's grid according to % correct below.
Afghanistan
Armenia
Azerbaijan
Bangladesh
Brunei
Croatia
Cuba
D. R. Congo
Egypt
Ethiopia
France
Georgia
Iran
Iraq
Israel
Kazakhstan
Kosovo
Kuwait
Lebanon
Mali
Morocco
Nepal
Pakistan
Qatar
Senegal
Somalia
South Sudan
Sudan
Syria
Tanzania
Tunisia
Turkey
 
Answer Stats
Answer % Correct
Afghanistan
93%
Egypt
75%
Iran
74%
Iraq
71%
Morocco
66%
Syria
64%
Pakistan
62%
Qatar
62%
Kuwait
60%
Turkey
58%
Azerbaijan
56%
Lebanon
54%
Bangladesh
53%
Tunisia
52%
Somalia
50%
Sudan
48%
Brunei
46%
Kosovo
38%
Kazakhstan
37%
Mali
35%
Senegal
31%
No matching quizzes found
Score Distribution
Percent of People with Each Score
Percentile by Number Answered
Your Score History
You have not taken this quiz since the last reset